Miejscowości gminy Jedwabno - Statystyki

Ogólne statystyki
  • Ten quiz został rozwiązany 10 razy
  • Średni wynik to 6 z 25
Statystyki odpowiedzi
Wskazówka Odpowiedź % Poprawnych
Wieś Burdąg
83%
Wieś Jedwabno
83%
Wieś Małszewo
83%
Wieś Brajniki
50%
Osada Leśna Dębowiec
50%
Wieś Kot
50%
Wieś Czarny piec
33%
Osada Lipniki
33%
Wieś Szuć
33%
Wieś Waplewo
33%
Wieś Dłużek
17%
Wieś Narty
17%
Wieś Warchały
17%
Wieś Wiotowo
17%
Osada Dzierzki
0%
Osada Leśna Grobka
0%
Wieś Nowe Borowe
0%
Wieś Nowy Dwór
0%
Osada Leśna Nowy Las
0%
Osada Leśna Omulew
0%
Wieś Piduń
0%
Osada Leśna Rekowe
0%
Wieś Rekownica
0%
Osada Leśna Strzała
0%
Wieś Witówka
0%
Nie znaleziono quizów pasujących do podanych kryteriów
Rozkład punktacji
Procent ludzi z każdym wynikiem
Percentyl według liczby udzielonych odpowiedzi
Twoja historia wyników
Nie rozwiązałeś tego quizu